| 000 | 00442nac a22001451ca4500 | ||
|---|---|---|---|
| 001 | oe016142386 | ||
| 008 | 170707s2017 gw |||| 000u fre d | ||
| 245 | 0 | 0 |
_aDictionnaire biographique du mouvement ouvrier international / _cpubl. sous la direction de Jean Maitron et Georges Haupt |
| 264 |
_aParis : _bÉd. Ouvrières, _c[2017] |
||
| 700 | 1 |
_aMaitron, Jean [Hrsg.] _eHerausgeberIn |
|
| 942 | _cMG | ||
| 040 | _cRU-10907106 | ||
| 003 | RU-10907106 | ||
| 999 |
_c42691 _d42691 |
||